| 000 | 00901nam a22002057a 4500 | ||
|---|---|---|---|
| 001 | 13329 | ||
| 005 | 20250905080414.0 | ||
| 008 | 250905b |||||||| |||| 00| 0 eng d | ||
| 020 | _a0534007902 | ||
| 040 | _cBSULIB | ||
| 082 |
_a100.19 _bHOC |
||
| 100 |
_aHocutt, Max _925880 |
||
| 245 |
_aFirst Philosophy: _bAn introduction to Philosophical Issues/ |
||
| 260 |
_aBelmont, California: _bWadsworth Publishing Company _c1980 |
||
| 300 |
_ax, 246p. _b24cm. |
||
| 505 | _aPHILOSOPHY AND ITS LOGIC --Philosophy --Arguments --Definitions EPISTEMOLOGY --Truth --Knowledge --Perception PSYCHOLOGY --Mind --Self-identity and immortality --Free will THEOLOGY --God --The proofs and the Disproofs of God --Faith ETHICS--Theological absolutism versus ethical relativism --Hedonistic ethics --Deontic ethics | ||
| 650 | _2Philosophy -Introductions | ||
| 650 | _2Philosophy | ||
| 942 |
_2ddc _cBK |
||
| 999 |
_c13329 _d13329 |
||